MARC details
| 000 -LEADER |
| fixed length control field |
01351cam a2200313Ia 4500 |
| 001 - CONTROL NUMBER |
| control field |
u13836 |
| 003 - CONTROL NUMBER IDENTIFIER |
| control field |
SIRSI |
| 005 - DATE AND TIME OF LATEST TRANSACTION |
| control field |
20180220093721.0 |
| 008 - FIXED-LENGTH DATA ELEMENTS--GENERAL INFORMATION |
| fixed length control field |
960514s1995 dcua b 101 0 eng d |
| 020 ## - INTERNATIONAL STANDARD BOOK NUMBER |
| International Standard Book Number |
0841229953 |
| 039 #9 - LEVEL OF BIBLIOGRAPHIC CONTROL AND CODING DETAIL [OBSOLETE] |
| Level of rules in bibliographic description |
200312221249 |
| Level of effort used to assign nonsubject heading access points |
nehal |
| -- |
200203190943 |
| -- |
load |
| 040 ## - CATALOGING SOURCE |
| Original cataloging agency |
EAL |
| 050 ## - LIBRARY OF CONGRESS CALL NUMBER |
| Classification number |
SB950.93 |
| Item number |
I57 1995 |
| 111 2# - MAIN ENTRY--MEETING NAME |
| Meeting name or jurisdiction name as entry element |
International IUPAC Congress of Pesticide Chemistry |
| Number of part/section/meeting |
(8th : |
| Date of meeting |
1994 : |
| Location of meeting |
Washington, D.C.) |
| 245 10 - TITLE STATEMENT |
| Title |
Eighth International Congress of Pesticide Chemistry : |
| Remainder of title |
options 2000 : proceedings of a conference / |
| Statement of responsibility, etc. |
organized by the American Chemical Society and sponsored by the International Union of Pure and Applied Chemistry, Washington, DC, July 4-9, 1994 ; edited by Nancy N. Ragsdale, Philip C. Kearney, Jack R. Plimmer. |
| 260 ## - PUBLICATION, DISTRIBUTION, ETC. |
| Place of publication, distribution, etc. |
Washington, DC : |
| Name of publisher, distributor, etc. |
The Society, |
| Date of publication, distribution, etc. |
1995. |
| 300 ## - PHYSICAL DESCRIPTION |
| Extent |
xiv, 450 p. : |
| Other physical details |
ill. ; |
| Dimensions |
27 cm. |
| 490 1# - SERIES STATEMENT |
| Series statement |
Conference proceedings series |
| 504 ## - BIBLIOGRAPHY, ETC. NOTE |
| Bibliography, etc. note |
Includes bibliographical references and index. |
| 596 ## - |
| -- |
1 |
| 650 #0 - SUBJECT ADDED ENTRY--TOPICAL TERM |
| Topical term or geographic name entry element |
Pesticides |
| Form subdivision |
Congresses |
| 700 10 - ADDED ENTRY--PERSONAL NAME |
| Personal name |
Ragsdale, Nancy N. |
| 700 10 - ADDED ENTRY--PERSONAL NAME |
| Personal name |
Kearney, P. C. |
| 700 10 - ADDED ENTRY--PERSONAL NAME |
| Personal name |
Plimmer, Jack R. |
| 710 20 - ADDED ENTRY--CORPORATE NAME |
| Corporate name or jurisdiction name as entry element |
American Chemical Society. |
| 710 20 - ADDED ENTRY--CORPORATE NAME |
| Corporate name or jurisdiction name as entry element |
International Union of Pure and Applied Chemistry. |
| 942 ## - ADDED ENTRY ELEMENTS (KOHA) |
| Koha item type |
Books |
| Source of classification or shelving scheme |
Library of Congress Classification |